[Event "Ordix Open"]
[Site "Frankfurt"]
[Date "2000.06.18"]
[Round "11"]
[White "Lobron, E."]
[Black "Mainka, R."]
[Result "1/2-1/2"]
[WhiteElo "2550"]
[BlackElo "2478"]
[PlyCount "100"]
[EventDate "2000.??.??"]

1. d4 f5 2. g3 Nf6 3. Bg2 g6 4. Nf3 Bg7 5. O-O O-O 6. c4 d6 7. Nc3 Qe8 8. d5 a5
9. Bd2 Na6 10. Qc1 Bd7 11. Bh6 c6 12. Bxg7 Kxg7 13. dxc6 bxc6 14. b3 Nc5 15.
Rd1 Qb8 16. Rd4 Nce4 17. Nxe4 fxe4 18. Nd2 d5 19. cxd5 cxd5 20. Qc5 Qa7 21.
Qxa7 Rxa7 22. Nf1 Rc8 23. Ne3 e6 24. Rd2 Rac7 25. f3 Rc3 26. Kf2 Rf8 27. Rc2
exf3 28. exf3 Ng4+ 29. Kg1 Rxe3 30. fxg4 d4 31. Rc7 Rf7 32. Rf1 Be8 33. Rfxf7+
Bxf7 34. Rd7 Rd3 35. a3 Rxb3 36. Rxd4 Rxa3 37. Rd7 g5 38. Ra7 Kf6 39. Be4 h6
40. Kf2 Ra2+ 41. Ke3 a4 42. h4 a3 43. Ra6 Ra1 44. Bc2 a2 45. Kf2 Ke5 46. Bb3
gxh4 47. gxh4 Kf4 48. Ra4+ Ke5 49. Rxa2 Rxa2+ 50. Bxa2 Kf4 1/2-1/2

[Event "Ordix Open"]
[Site "Frankfurt"]
[Date "2000.06.18"]
[Round "12"]
[White "Dreev, A."]
[Black "Gurevich, M."]
[Result "0-1"]
[WhiteElo "2680"]
[BlackElo "2694"]
[PlyCount "112"]
[EventDate "2000.??.??"]

1. d4 d5 2. c4 c6 3. Nf3 Nf6 4. Qb3 dxc4 5. Qxc4 Bf5 6. g3 e6 7. Bg2 Nbd7 8.
O-O Be7 9. Nc3 O-O 10. e3 Ne4 11. Rd1 Qb6 12. Qe2 Rfd8 13. Nd2 Nxd2 14. Bxd2
Bc2 15. Rdc1 Bg6 16. Be1 Rac8 17. Rd1 Nf6 18. Bf3 Qc7 19. a3 e5 20. dxe5 Qxe5
21. Rxd8+ Rxd8 22. Rd1 h5 23. Rxd8+ Bxd8 24. Bg2 Qe7 {Zeit: 7:52 / 12:26} 25.
Qd1 Bc7 26. Ne2 Be4 27. f3 Bd5 28. Bf2 Bc4 29. e4 Bb6 30. Bxb6 axb6 31. Bf1
Bxe2 32. Bxe2 Qc5+ 33. Kg2 g5 34. Qd2 Kg7 35. Qc3 Qe7 36. Qe3 Nd7 37. Qd4+ Kg8
38. f4 gxf4 39. gxf4 Nc5 40. Bf3 Ne6 41. Qe5 Qh4 42. Qb8+ Kh7 43. Qxb7 Nxf4+
44. Kf1 Qh3+ 45. Kf2 Nd3+ 46. Ke3 Ne5 47. Kf4 Qxh2+ 48. Kf5 Kg7 49. Qe7 Nxf3
50. Qf6+ Kg8 51. Qd8+ Kh7 52. Qe7 Qh3+ 53. Kf4 Qh4+ 54. Qxh4 Nxh4 55. Kg5 Nf3+
56. Kxh5 Kg7 {Wieder wurde Dreev Opfer seiner unoekonomischen Zeiteinteilung.}
0-1

[Event "Ordix Open"]
[Site "Frankfurt"]
[Date "2000.06.18"]
[Round "12"]
[White "Chuchelov, W."]
[Black "Milov, V."]
[Result "1-0"]
[WhiteElo "2518"]
[BlackElo "2653"]
[PlyCount "101"]
[EventDate "2000.??.??"]

1. Nf3 c5 2. c4 b6 3. d4 cxd4 4. Nxd4 Nf6 5. Nc3 Bb7 6. f3 d6 7. e4 e6 8. Be2
Be7 9. Be3 O-O 10. O-O a6 11. Qd2 Nbd7 12. Rfd1 Qc7 13. Rac1 Rac8 14. b4 Qb8
15. a3 Bd8 16. Nb3 Bc7 17. Bf4 Ne5 18. Bxe5 dxe5 19. c5 b5 20. a4 bxa4 21. Nxa4
Bc6 22. Nb2 Bb5 23. Nc4 Rfd8 24. Qc3 Nd5 25. exd5 exd5 26. Kf1 dxc4 27. Bxc4 e4
28. Bxb5 Qxb5+ 29. Kg1 Qb8 30. fxe4 Bxh2+ 31. Kh1 Be5 32. Qc4 Rc6 33. Rd3 Rh6+
{Zeit: 11:09 / 10:18} 34. Kg1 Bh2+ 35. Kf1 Rf6+ 36. Ke2 Re8 37. Rf1 Rfe6 38.
Kd1 Qb7 39. Nd2 h6 40. Kc2 Be5 41. Rff3 Bf6 42. Kb3 Bg5 43. Qd5 Qe7 44. Nc4 Rf8
45. e5 Qe8 46. Qd7 Qb8 47. Rxf7 Rxf7 48. Qxe6 a5 49. Nxa5 Qb5 50. Rf3 Qe2 51.
Qxf7+ 1-0

[Event "Ordix Open"]
[Site "Frankfurt"]
[Date "2000.06.18"]
[Round "13"]
[White "Dautov, R."]
[Black "Svidler, P."]
[Result "1/2-1/2"]
[WhiteElo "2602"]
[BlackElo "2670"]
[PlyCount "51"]
[EventDate "2000.??.??"]

1. Nf3 Nf6 2. c4 g6 3. Nc3 d5 4. cxd5 Nxd5 5. e4 Nxc3 6. dxc3 Qxd1+ 7. Kxd1 Nd7
8. Bf4 c6 9. Kc2 Bg7 10. Nd2 Ne5 11. h3 Be6 12. Be3 h5 13. f4 Nd7 14. g3 Nf6
15. Bg2 O-O 16. Nb3 b6 17. a4 c5 18. a5 Rfd8 19. Rhd1 Rxd1 20. Rxd1 Rb8 21.
axb6 axb6 22. Ra1 Bd7 23. e5 Bf5+ 24. Kc1 Nd7 25. Ra7 Bh6 26. Kd2 {
Etwas langweilig fuer eine Partie zu diesem Zeitpunkt im Turnier.} 1/2-1/2

[Event "Ordix Open"]
[Site "Frankfurt"]
[Date "2000.06.18"]
[Round "13"]
[White "Teske, H."]
[Black "Bologan, V."]
[Result "0-1"]
[WhiteElo "2479"]
[BlackElo "2589"]
[PlyCount "62"]
[EventDate "2000.??.??"]

1. d4 Nf6 2. Bg5 e6 3. Nf3 c5 4. e4 cxd4 5. e5 h6 6. Bc1 Nh7 7. Qxd4 Nc6 8. Qe4
d5 9. exd6 Bxd6 10. Bd3 Nf6 11. Qe2 O-O 12. O-O Nb4 13. Rd1 Qc7 14. Nc3 a6 15.
Be3 Nxd3 16. Rxd3 b5 17. Rad1 Be7 18. Bd4 Bb7 19. Be5 Qc6 20. Bd6 Bxd6 21. Rxd6
Qc5 22. Ne5 Rac8 23. Nd7 Nxd7 24. Rxd7 Ba8 25. R7d2 Qb4 26. Rd3 Qxb2 27. Rb1
Qa3 28. Rb3 Qc1+ 29. Rd1 Qf4 30. a4 bxa4 31. g3 Qf3 0-1

[Event "Ordix Open"]
[Site "Frankfurt"]
[Date "2000.06.18"]
[Round "14"]
[White "Dreev, A."]
[Black "Rublevsky, S."]
[Result "1/2-1/2"]
[WhiteElo "2680"]
[BlackElo "2662"]
[PlyCount "95"]
[EventDate "2000.??.??"]

1. d4 d5 2. c4 dxc4 3. e4 e5 4. Nf3 exd4 5. Bxc4 Bb4+ 6. Bd2 Bxd2+ 7. Nbxd2 Qf6
8. O-O Ne7 9. e5 Qg6 10. Nxd4 Nbc6 11. N2f3 O-O 12. e6 fxe6 13. Re1 Nxd4 14.
Ne5 Nf3+ 15. Nxf3 Nd5 16. Bxd5 exd5 17. Qxd5+ Qf7 18. Qxf7+ Rxf7 19. Ng5 Rf8
20. Rac1 h6 21. Ne4 Rf7 22. Rcd1 Bf5 {Zeit: 7:25 / 18:25} 23. Nc3 Kf8 24. f3
Re8 25. Rxe8+ Kxe8 26. Kf2 c6 27. Ke3 Ke7 28. h4 Be6 29. a3 Rf5 30. Rd4 c5 31.
Rd2 b6 32. g4 Re5+ 33. Kf4 Re1 34. h5 Rf1 35. Ne4 c4 36. Re2 Rd1 37. Nc3 Rd4+
38. Ne4 c3 39. bxc3 Ra4 40. g5 Rxa3 {Zeit: 2:40 / 8:13} 41. gxh6 gxh6 42. Rg2
Ra5 43. Rg7+ Kf8 44. Rh7 Rxh5 45. Rxa7 Rf5+ 46. Kg3 Bd5 47. Ra6 Bxe4 {
Zeit 1:43 / 3:21} 48. fxe4 1/2-1/2

[Event "Ordix Open"]
[Site "Frankfurt"]
[Date "2000.06.18"]
[Round "14"]
[White "Svidler, P."]
[Black "Podzielny, K H."]
[Result "1-0"]
[WhiteElo "2670"]
[BlackElo "2508"]
[PlyCount "87"]
[EventDate "2000.??.??"]

1. e4 c5 2. Nf3 e6 3. c4 Nc6 4. Nc3 Nf6 5. Be2 d6 6. d4 cxd4 7. Nxd4 Bd7 8. Be3
Be7 9. O-O O-O 10. Rc1 a6 11. Kh1 Rc8 12. Nb3 Ne5 13. Nd2 Bc6 14. f4 Ned7 15.
b4 b6 16. Bd3 Bb7 17. a3 Rc7 18. Qe2 Qa8 19. Bg1 Rfc8 20. Rc2 b5 21. Rfc1 bxc4
22. Nxc4 d5 23. Na5 dxe4 24. Nxe4 Rxc2 25. Nxf6+ Nxf6 26. Rxc2 Rxc2 27. Qxc2
Bd5 28. Bc5 Bd8 29. Nc4 Bc7 30. Ne5 Ne4 31. Be3 Qb7 32. Qa4 Nd6 33. Qxa6 Bxg2+
34. Kg1 Qd5 35. Qa7 Bh3 36. Kf2 Ne8 37. Qc5 Qg2+ 38. Ke1 Qh1+ 39. Kd2 Qxh2+ 40.
Kc3 Qa2 41. Bc1 Nf6 42. Bb2 Nd5+ 43. Kc2 g5 44. Nd7 1-0

[Event "Ordix Open"]
[Site "Frankfurt"]
[Date "2000.06.18"]
[Round "14"]
[White "Agrest"]
[Black "Milov, V."]
[Result "1/2-1/2"]
[WhiteElo "2604"]
[BlackElo "2653"]
[PlyCount "101"]
[EventDate "2000.??.??"]

1. c4 Nf6 2. Nc3 g6 3. d4 Bg7 4. e4 d6 5. h3 O-O 6. Bg5 Na6 7. Bd3 e5 8. d5 Qe8
9. Nge2 Nc5 10. Bc2 a5 11. g4 Nfd7 12. Ng3 Nb6 13. Qe2 Bd7 14. h4 Nba4 15. Nxa4
Bxa4 16. b3 Bd7 17. h5 c6 18. f3 h6 19. Be3 g5 20. Kf2 cxd5 21. cxd5 Bf6 22. a3
Rc8 23. Rhc1 Rc7 24. Qd2 Bd8 25. b4 axb4 26. axb4 Na6 27. Bd3 Rxc1 28. Rxc1 Nc7
29. Kg2 Kh7 30. Qa2 Bb5 31. Bxb5 Qxb5 32. Qc4 Qxc4 33. Rxc4 Nb5 34. Rc8 Be7 35.
Rxf8 Bxf8 36. Nf5 f6 37. Bb6 Kg8 38. Kf2 Kf7 39. Bd8 Na3 40. Ke2 Nc4 41. b5 Na3
42. b6 Nb5 43. Kd3 Nd4 44. Nxd4 exd4 45. Kxd4 Bg7 46. Ke3 Ke8 47. Bc7 Ke7 48.
f4 Kd7 49. Kf3 Ke7 50. Bb8 Kd7 51. Bc7 1/2-1/2

[Event "Ordix Open"]
[Site "Frankfurt"]
[Date "2000.06.18"]
[Round "15"]
[White "Gurevich, M."]
[Black "Agrest, E."]
[Result "1/2-1/2"]
[WhiteElo "2694"]
[BlackElo "2604"]
[PlyCount "21"]
[EventDate "2000.??.??"]

1. d4 f5 2. g3 Nf6 3. Bg2 g6 4. Nf3 Bg7 5. c4 O-O 6. Nc3 d6 7. O-O c6 8. b3 Qa5
9. Bd2 Qc7 10. d5 Na6 11. Rc1 {Gurevich wollte das Gluck nicht mehr
heruasfordern. "Er habe bereits zu viel davon in diesem Turnier gehabt.",
meinte der Wahlbelgier russicher Abstammung.} 1/2-1/2

[Event "Ordix Open"]
[Site "Frankfurt"]
[Date "2000.06.18"]
[Round "15"]
[White "Rublevsky, S."]
[Black "Chuchelov, W."]
[Result "1-0"]
[WhiteElo "2662"]
[BlackElo "2518"]
[PlyCount "171"]
[EventDate "2000.??.??"]

1. e4 c5 2. Nf3 e6 3. c4 Nc6 4. Nc3 Nf6 5. Be2 b6 6. d4 cxd4 7. Nxd4 Nxd4 8.
Qxd4 Bc5 9. Qd3 e5 10. O-O Bb7 11. Kh1 O-O 12. f4 Bd4 13. Bf3 Qe7 14. Ne2 Bc5
15. Ng3 Qd6 16. Qc3 Rfe8 17. fxe5 Qxe5 18. Qxe5 Rxe5 19. Bf4 Re6 20. e5 Bxf3
21. gxf3 Ne8 22. Rad1 d6 23. Ne4 dxe5 24. Nxc5 bxc5 25. Be3 Nc7 26. Rd7 Rc6 27.
f4 exf4 28. Rxf4 f6 29. Re4 Ne6 30. Re7 Nf8 31. Rb7 Ng6 32. Bf2 Rb6 33. Rxb6
axb6 34. Re6 Ne5 35. b3 Rxa2 36. Bg3 Nd7 37. Bd6 Rb2 {
der turnierentscheidende Blackout!} 38. Re8+ Kf7 39. Re7+ Kg6 40. Rxd7 Rxb3 41.
Bf8 Kf5 42. Bxg7 Rb4 43. Rd6 Kg6 44. Bxf6 Rxc4 45. Rxb6 Rc2 46. Bh8+ Kg5 47.
Rb5 h5 48. Bd4 Rc1+ 49. Kg2 Rc2+ 50. Kh3 Kg6 51. Rxc5 Rd2 52. Rg5+ Kh6 53. Be3
Rd3 54. Rg3+ Kh7 55. Kh4 Rd5 56. Rg5 Rd3 57. Rxh5+ Kg6 58. Rg5+ Kf6 59. Bf4 Rf3
60. Kg4 Rf1 61. h4 Rg1+ 62. Bg3 Rg2 63. Rd5 Rc2 64. Rd6+ Kg7 65. Be5+ Kh7 66.
Rd7+ Kh6 67. Bf4+ Kg6 68. h5+ Kf6 69. Bg5+ Ke6 70. Rg7 Rc4+ 71. Kf3 Kf5 72. h6
Rc3+ 73. Ke2 Rh3 74. h7 Rh1 75. Kd3 Rh3+ 76. Kd4 Rh1 77. Kd5 Rd1+ 78. Kc6 Rh1
79. Kd7 Rd1+ 80. Ke8 Rh1 81. Kf8 Rb1 82. Rf7+ Kg6 83. Bd8 Rb8 84. Rd7 Rb5 85.
Rg7+ Kf5 86. Rg5+ 1-0

[Event "Ordix Open"]
[Site "Frankfurt"]
[Date "2000.06.18"]
[Round "15"]
[White "Dautov, R."]
[Black "Dreev, A."]
[Result "1/2-1/2"]
[WhiteElo "2602"]
[BlackElo "2680"]
[PlyCount "131"]
[EventDate "2000.??.??"]

1. d4 d5 2. c4 c6 3. Nf3 Nf6 4. Nc3 e6 5. Bg5 h6 6. Bxf6 Qxf6 7. e3 Nd7 8. Qd2
Qd8 9. Rc1 Be7 10. Bd3 dxc4 11. Bxc4 O-O 12. O-O b5 13. Bd3 Bb7 14. a3 b4 15.
axb4 Bxb4 16. Qc2 c5 17. Na2 Bxf3 18. gxf3 a5 19. Nxb4 cxb4 20. Qa4 Nb6 21. Qb5
Nd5 22. f4 a4 23. Be4 a3 24. Bxd5 exd5 25. Qxb4 a2 26. Ra1 Qd7 27. f3 Rfb8 28.
Qc3 Qb5 29. Rf2 Rc8 30. Rxa2 Rab8 31. Qd2 Rb6 32. Ra1 Rbc6 33. Raf1 Qb3 34. Qe1
Re8 35. Re2 Rce6 36. Qd1 Qxd1 37. Rxd1 Rxe3 38. Rxe3 Rxe3 39. Kf2 Rb3 40. Rd2
Kf8 41. Re2 Rd3 42. b4 Rxd4 43. Rb2 Rxf4 44. b5 Rc4 45. b6 Rc8 46. b7 Rb8 47.
Ke3 Ke7 48. Kd4 Kd6 49. f4 Kc6 50. Rc2+ Kxb7 51. Kxd5 Re8 52. f5 f6 53. Rg2
Re5+ 54. Kd6 Rxf5 55. Rxg7+ Kb6 56. Rh7 Rh5 57. Ke6 f5 58. Ke5 Kc6 59. Rf7 Rxh2
60. Rxf5 Kd7 61. Kf6 Kd6 62. Kg6 Ke6 63. Rh5 Rg2+ 64. Kxh6 Kf6 65. Rh1 Rf2 66.
Rh3 1/2-1/2

[Event "Masters"]
[Site "Frankfurt GER"]
[Date "2000.06.22"]
[Round "1"]
[White "Rabiega, R."]
[Black "Rublevsky, S."]
[Result "1/2-1/2"]
[WhiteElo "2477"]
[BlackElo "2662"]
[PlyCount "174"]
[EventDate "2000.06.22"]

1. e4 c5 2. c3 Nf6 3. e5 Nd5 4. Nf3 e6 5. Bc4 d6 6. exd6 Bxd6 7. O-O O-O 8. d4
cxd4 9. cxd4 Nd7 10. Nc3 Nxc3 11. bxc3 b6 12. Qe2 Bb7 13. Bd3 Qc7 14. c4 e5 15.
d5 Rae8 16. Qc2 h6 17. Nh4 e4 18. Bxe4 Nf6 19. Bd3 Bxh2+ 20. Kh1 Be5 21. Rb1
Rc8 22. Qe2 Rfe8 23. Qf3 Ba6 24. Be3 Bxc4 25. Rfc1 Bxd3 26. Rxc7 Rxc7 27. Rd1
Be4 28. Qh3 Nxd5 29. Bxh6 gxh6 30. Nf5 Bxf5 31. Qxf5 Nc3 32. Rd3 Bg7 33. g3 Ne4
34. Kg2 Nc5 35. Rf3 Re5 36. Qc2 Rd7 37. Qc4 Re4 38. Qc2 Rde7 39. Rf5 Re2 40.
Qc4 Rd2 41. Rf4 Ne6 42. Rg4 Rc7 43. Qb5 Rd8 44. Qf5 Rc5 45. Qf6 Rg5 46. Qf3
Rxg4 47. Qxg4 Rd2 48. Kf1 Rxa2 49. f4 b5 50. Qf5 b4 51. Qd5 Rc2 52. f5 Ng5 53.
Qb7 Bf8 54. f6 a5 55. Qb5 Ra2 56. Qc4 Rb2 57. Qb5 b3 58. Ke1 Bb4+ 59. Kd1 Rd2+
60. Kc1 b2+ 61. Kb1 Ne4 62. Qe8+ Bf8 63. Qxe4 h5 64. Qf4 Rd5 65. Kxb2 a4 66.
Qe4 Rb5+ 67. Ka1 a3 68. Qc4 Rg5 69. Qf4 Rg6 70. Ka2 Rh6 71. Qf5 Rg6 72. Qf4 Rh6
73. Qh4 Rg6 74. Kb3 Rg4 75. Qxh5 Rxg3+ 76. Ka2 Rg2+ 77. Ka1 Rg6 78. Qf5 Rxf6
79. Qg4+ Rg6 80. Qf3 Be7 81. Ka2 Kg7 82. Qd3 Kf8 83. Qe3 Rg5 84. Qf4 Rg2+ 85.
Ka1 a2 86. Qb8+ Kg7 87. Qe5+ Kf8 1/2-1/2

[Event "Masters"]
[Site "Frankfurt GER"]
[Date "2000.06.22"]
[Round "1"]
[White "Ivanchuk, V."]
[Black "Jussupow, A."]
[Result "1-0"]
[WhiteElo "2709"]
[BlackElo "2628"]
[PlyCount "96"]
[EventDate "2000.06.22"]

1. e4 e5 2. Nf3 Nf6 3. Nxe5 d6 4. Nf3 Nxe4 5. d4 d5 6. Bd3 Nc6 7. O-O Be7 8. c4
Nf6 9. h3 Nb4 10. Be2 dxc4 11. Bxc4 O-O 12. Nc3 Nbd5 13. Re1 c6 14. Qb3 Nb6 15.
Bd3 Be6 16. Qc2 h6 17. Bd2 Nbd5 18. a3 Rc8 19. Rad1 Re8 20. Na4 Rc7 21. Ne5 Bf8
22. Ba5 b6 23. Bd2 Qc8 24. Re2 Rd8 25. b4 c5 26. bxc5 bxc5 27. Ba5 Nf4 28. Bxc7
Qxc7 29. Ree1 Qb7 30. Be4 Bd5 31. Nc3 Nxe4 32. Nxd5 Qxd5 33. Qxe4 Qxe4 34. Rxe4
Ne6 35. Nc6 Rd5 36. Re5 Rd7 37. d5 Nf4 38. Kf1 c4 39. g3 Nd3 40. Re8 g5 41. a4
Kg7 42. Re4 Nb2 43. Ne5 Re7 44. d6 Re6 45. d7 Be7 46. d8=Q Bxd8 47. Rxd8 c3 48.
Rc8 f6 1-0

[Event "Masters"]
[Site "Frankfurt GER"]
[Date "2000.06.22"]
[Round "2"]
[White "Jussupow, A."]
[Black "Rabiega, R."]
[Result "1-0"]
[WhiteElo "2628"]
[BlackElo "2477"]
[PlyCount "108"]
[EventDate "2000.06.22"]

1. d4 d5 2. c4 Nc6 3. e3 e5 4. cxd5 Qxd5 5. Nc3 Bb4 6. Bd2 Bxc3 7. bxc3 Nf6 8.
c4 Qd6 9. d5 Ne7 10. Qb1 O-O 11. Bb4 c5 12. Bc3 b5 13. Qxb5 Rb8 14. Qa5 Ne4 15.
Nf3 Ng6 16. Nd2 f5 17. f3 Nxd2 18. Kxd2 Nh4 19. Rg1 Rb6 20. Be2 f4 21. e4 Ra6
22. Qb5 Bd7 23. Qb2 Rb8 24. Qc2 Ba4 25. Qc1 Rab6 26. Bd3 Ng6 27. Qa3 Be8 28.
Rgb1 Qe7 29. Qc1 Qg5 30. Qg1 Nh4 31. Qf2 Rxb1 32. Rxb1 Rxb1 33. Bxb1 Nxg2 34.
Qxc5 Ne3 35. Qc8 Qg2+ 36. Kc1 Qg6 37. d6 Qf7 38. Bd3 h5 39. Bxe5 Kh7 40. Qh3
Nxc4 41. Bc3 Bd7 42. e5+ Kh6 43. Qg2 Ne3 44. Qd2 Qd5 45. Be4 Qc5 46. Qd4 Qa3+
47. Bb2 Qa5 48. Qc3 Qa4 49. Bc2 Qb5 50. Qd3 Qxd3 51. Bxd3 Be6 52. Bb5 g5 53. d7
Bxd7 54. Bxd7 g4 1-0

[Event "Masters"]
[Site "Frankfurt GER"]
[Date "2000.06.22"]
[Round "2"]
[White "Adams, Mi"]
[Black "Ivanchuk, V."]
[Result "1/2-1/2"]
[WhiteElo "2715"]
[BlackElo "2709"]
[PlyCount "79"]
[EventDate "2000.06.22"]

1. e4 c5 2. Nc3 e6 3. Nf3 Nc6 4. d4 cxd4 5. Nxd4 Nf6 6. Nxc6 bxc6 7. e5 Nd5 8.
Ne4 Qc7 9. f4 Qb6 10. c4 Bb4+ 11. Ke2 f5 12. Nf2 Ba6 13. Kf3 Ne7 14. Be3 Bc5
15. Bxc5 Qxc5 16. Qd6 Qb6 17. b3 c5 18. Be2 Kf7 19. Rhd1 Rhd8 20. Ke3 Bb7 21.
Bh5+ Kf8 22. Bf3 Bxf3 23. gxf3 Rac8 24. Qxb6 axb6 25. Rd6 Rc6 26. Rd3 d5 27.
exd6 Rcxd6 28. Rxd6 Rxd6 29. Rd1 Rxd1 30. Nxd1 Ke8 31. Nb2 Kd7 32. Nd3 Nc6 33.
h4 Kd6 34. Kd2 g6 35. Ke3 Nb4 36. Nc1 h6 37. Kd2 Nc6 38. Nd3 Nb4 39. Nc1 Nc6
40. Nd3 1/2-1/2

[Event "Masters"]
[Site "Frankfurt GER"]
[Date "2000.06.22"]
[Round "3"]
[White "Rabiega, R."]
[Black "Adams, Mi"]
[Result "0-1"]
[WhiteElo "2477"]
[BlackElo "2715"]
[PlyCount "100"]
[EventDate "2000.06.22"]

1. e4 e5 2. Nf3 Nc6 3. Bc4 Bc5 4. d3 Nf6 5. Nc3 d6 6. Bg5 h6 7. Bxf6 Qxf6 8.
Nd5 Qd8 9. c3 a6 10. d4 exd4 11. cxd4 Ba7 12. h3 Ne7 13. O-O O-O 14. Nf4 b5 15.
Bb3 Bb7 16. Re1 c5 17. Qd2 Bb6 18. Re2 Rc8 19. Rd1 c4 20. Bc2 Ng6 21. Qe3 Ne5
22. Nd5 Bxd5 23. exd5 Nxf3+ 24. Qxf3 Re8 25. Rde1 Rxe2 26. Rxe2 Qg5 27. h4 Qf6
28. Qg4 Rf8 29. Re4 g6 30. Rf4 Qg7 31. a4 h5 32. Qd1 b4 33. g3 Rc8 34. Kg2 a5
35. g4 hxg4 36. Rxg4 Qh6 37. Qf3 Kg7 38. Rf4 Rf8 39. Qe3 Bd8 40. Qe4 Bf6 41.
Bd1 Rh8 42. h5 gxh5 43. Kf1 Qg6 44. Rf5 h4 45. Bf3 h3 46. Rf4 Qxe4 47. Rxe4 Rh4
48. Rxh4 Bxh4 49. Ke2 h2 50. Ke3 Bg5+ 0-1

[Event "Masters"]
[Site "Frankfurt GER"]
[Date "2000.06.22"]
[Round "3"]
[White "Bareev, E."]
[Black "Topalov, V."]
[Result "1-0"]
[WhiteElo "2709"]
[BlackElo "2702"]
[PlyCount "71"]
[EventDate "2000.06.22"]

1. c4 c5 2. g3 g6 3. Bg2 Bg7 4. Nc3 Nc6 5. a3 d6 6. Nf3 Nf6 7. O-O O-O 8. d3
Bd7 9. Rb1 Rb8 10. b4 b6 11. b5 Nd4 12. Nxd4 cxd4 13. Na2 h5 14. Nb4 h4 15. Qa4
hxg3 16. hxg3 Ra8 17. Nc6 Bxc6 18. Bxc6 Qc7 19. Bxa8 Rxa8 20. Kg2 Re8 21. f3
Qb7 22. Qc2 Ng4 23. Rh1 f5 24. Kg1 Nf6 25. Qd2 e5 26. Qg5 Qf7 27. Qh4 f4 28.
Bd2 Nh5 29. g4 Bf6 30. Qh3 Ng3 31. Rh2 Qg7 32. a4 Bg5 33. a5 Kf7 34. axb6 axb6
35. Ra1 Kf6 36. Kf2 1-0

[Event "Masters"]
[Site "Frankfurt GER"]
[Date "2000.06.22"]
[Round "3"]
[White "Ivanchuk, V."]
[Black "Van Wely, L."]
[Result "1-0"]
[WhiteElo "2709"]
[BlackElo "2646"]
[PlyCount "33"]
[EventDate "2000.06.22"]

1. c4 Nf6 2. Nc3 c5 3. g3 d5 4. cxd5 Nxd5 5. Bg2 Nc7 6. Qa4+ Qd7 7. Nf3 Qxa4 8.
Nxa4 Ne6 9. b3 Nc6 10. Ba3 Nb4 11. Kd1 a5 12. Nb6 Rb8 13. Nxc8 Rxc8 14. Ne5 Rb8
15. Nc4 b6 16. Bb2 Nd8 17. Be5 1-0

[Event "Masters"]
[Site "Frankfurt GER"]
[Date "2000.06.22"]
[Round "4"]
[White "Bareev, E."]
[Black "Ivanchuk, V."]
[Result "0-1"]
[WhiteElo "2709"]
[BlackElo "2709"]
[PlyCount "46"]
[EventDate "2000.06.22"]

1. c4 c5 2. g3 g6 3. Bg2 Bg7 4. Nc3 Nc6 5. a3 b6 6. Rb1 Bb7 7. d3 d6 8. e4 e6
9. Nge2 Nge7 10. h4 Qd7 11. h5 O-O-O 12. b4 Kb8 13. Bf4 Ne5 14. Qd2 h6 15. a4
N7c6 16. b5 Nb4 17. Rxb4 cxb4 18. Na2 g5 19. Bxe5 dxe5 20. Nxb4 Bf8 21. Nc1 Qd4
22. Ke2 Bxb4 23. Qxb4 f5 0-1

[Event "Masters"]
[Site "Frankfurt GER"]
[Date "2000.06.22"]
[Round "4"]
[White "Topalov, V."]
[Black "Jussupow, A."]
[Result "1-0"]
[WhiteElo "2702"]
[BlackElo "2628"]
[PlyCount "136"]
[EventDate "2000.06.22"]

1. d4 Nf6 2. c4 e6 3. Nf3 d5 4. Nc3 Nbd7 5. cxd5 exd5 6. Bg5 Be7 7. e3 O-O 8.
Bd3 Re8 9. Qc2 Nf8 10. h3 Be6 11. O-O c6 12. a3 Rc8 13. b4 N6d7 14. Bf4 Ng6 15.
Bg3 Ndf8 16. Na4 Bd6 17. Bxd6 Qxd6 18. Nc5 Rc7 19. Rac1 Bc8 20. Rfe1 Qf6 21.
Qd1 Ne6 22. Nxe6 Bxe6 23. b5 Rec8 24. bxc6 Rxc6 25. Rxc6 Rxc6 26. Qb3 b6 27.
Qa4 Rc7 28. Qe8+ Nf8 29. Bxh7+ Kxh7 30. Qxf8 Bf5 31. Qb8 Rc2 32. h4 Bc8 33.
Qxa7 Qf5 34. Qxb6 f6 35. Qb1 Ba6 36. e4 Qc8 37. e5 Bd3 38. exf6 gxf6 39. Qb6
Qf5 40. Qb7+ Kh6 41. Qb8 Be4 42. Qh8+ Kg6 43. h5+ Kf7 44. h6 Qg6 45. Nh4 Qg5
46. Qg7+ Qxg7 47. hxg7 Kxg7 48. f3 Bd3 49. Ra1 Rd2 50. a4 Kh6 51. Kh2 Kg5 52.
Kg3 f5 53. f4+ Kf6 54. Nf3 Rb2 55. a5 Bb5 56. Rc1 Bc4 57. Ne5 Rb3+ 58. Kh4 Bb5
59. Rc5 Rb1 60. a6 Be2 61. a7 Ra1 62. Rc6+ Ke7 63. Rc7+ Kd6 64. Rg7 Bb5 65. Kg5
Ke6 66. Rg6+ Ke7 67. Kxf5 Ra2 68. g4 Ba4 1-0

[Event "Masters"]
[Site "Frankfurt GER"]
[Date "2000.06.23"]
[Round "5"]
[White "Rabiega, R."]
[Black "Bareev, E."]
[Result "0-1"]
[WhiteElo "2477"]
[BlackElo "2709"]
[PlyCount "84"]
[EventDate "2000.06.22"]

1. e4 c6 2. d4 d5 3. e5 Bf5 4. Ne2 e6 5. Nf4 h6 6. Bd3 Ne7 7. O-O Nd7 8. Na3
Bxd3 9. Qxd3 Nf5 10. c3 Bxa3 11. bxa3 Qe7 12. Rb1 b5 13. Qf3 g6 14. Nd3 Nb6 15.
Nc5 a6 16. a4 Kf8 17. Qd1 Kg8 18. Re1 Kh7 19. g3 Rhb8 20. Qd3 h5 21. h4 Nd7 22.
Ba3 Nxc5 23. Bxc5 Qd8 24. Qc2 Rb7 25. Rb4 Rab8 26. Reb1 Kg7 27. axb5 cxb5 28.
a4 g5 29. Qe2 Kg6 30. axb5 Rxb5 31. Rxb5 Rxb5 32. Rxb5 axb5 33. hxg5 Qxg5 34.
Qxb5 h4 35. Qe8 hxg3 36. Qg8+ Kh5 37. Qxf7+ Kg4 38. Qxe6 Kh3 39. fxg3 Kxg3 40.
Kf1 Qc1+ 41. Ke2 Qc2+ 42. Ke1 Qf2+ 0-1

[Event "Masters"]
[Site "Frankfurt GER"]
[Date "2000.06.23"]
[Round "5"]
[White "Jussupow, A."]
[Black "Adams, Mi"]
[Result "1/2-1/2"]
[WhiteElo "2628"]
[BlackElo "2715"]
[PlyCount "106"]
[EventDate "2000.06.22"]

1. d4 Nf6 2. Nf3 e6 3. e3 b6 4. Bd3 Bb7 5. b3 c5 6. O-O cxd4 7. exd4 Be7 8. Bb2
O-O 9. c4 d6 10. Nc3 Nbd7 11. Re1 Re8 12. h3 Bf8 13. Qe2 g6 14. Rad1 a6 15. Qe3
Bg7 16. Bf1 Rc8 17. a4 Qc7 18. Ba3 d5 19. Ne5 dxc4 20. bxc4 Rcd8 21. f4 Nb8 22.
Rd2 Nc6 23. Red1 Ne7 24. g4 h5 25. Bg2 Bxg2 26. Rxg2 Nc6 27. Ne2 h4 28. Rf1 Nd7
29. Qf2 Na5 30. Nxf7 Kxf7 31. f5 Kg8 32. fxg6 Rf8 33. Qxh4 Rxf1+ 34. Kxf1 Nf8
35. Bxf8 Rxf8+ 36. Kg1 Rf3 37. Rf2 Rxf2 38. Qxf2 Nxc4 39. h4 Qd7 40. h5 e5 41.
Qf3 exd4 42. Ng3 Ne5 43. Qb3+ Kh8 44. Qxb6 Qc8 45. g5 Nf3+ 46. Kg2 Nxg5 47. h6
Qh3+ 48. Kf2 Qxh6 49. Qd8+ Bf8 50. Qxd4+ Qg7 51. Qh4+ Qh6 52. Qd4+ Qg7 53. Qh4+
Qh6 1/2-1/2

[Event "Masters"]
[Site "Frankfurt GER"]
[Date "2000.06.23"]
[Round "5"]
[White "Ivanchuk, V."]
[Black "Topalov, V."]
[Result "1/2-1/2"]
[WhiteElo "2709"]
[BlackElo "2702"]
[PlyCount "59"]
[EventDate "2000.06.22"]

1. c4 c5 2. Nf3 g6 3. d4 Bg7 4. e4 d6 5. Nc3 Nc6 6. d5 Nd4 7. Nxd4 cxd4 8. Nb5
Qb6 9. c5 dxc5 10. Bf4 Kf8 11. Rc1 a6 12. Bc7 Qf6 13. Na3 b5 14. Rxc5 d3 15.
Bxd3 Qxb2 16. Qb3 Qxb3 17. axb3 Bd4 18. b4 f5 19. f3 Nf6 20. Nc2 Bxc5 21. bxc5
e6 22. d6 Nd7 23. c6 Ne5 24. d7 Nxd3+ 25. Ke2 Bxd7 26. cxd7 Ke7 27. Kxd3 Kxd7
28. Ba5 Rhc8 29. h4 Rc5 30. Ne3 1/2-1/2

[Event "Masters"]
[Site "Frankfurt GER"]
[Date "2000.06.23"]
[Round "6"]
[White "Ivanchuk, V."]
[Black "Rabiega, R."]
[Result "1-0"]
[WhiteElo "2709"]
[BlackElo "2477"]
[PlyCount "83"]
[EventDate "2000.06.22"]

1. c4 e6 2. Nc3 d5 3. d4 Nf6 4. Bg5 Nbd7 5. e3 c6 6. Bd3 Qa5 7. Bh4 dxc4 8.
Bxc4 Ne4 9. Qc2 Nd6 10. Bd3 Nf5 11. Bg3 Nxg3 12. hxg3 h6 13. Nf3 Be7 14. g4 b5
15. Kf1 b4 16. Ne4 Ba6 17. Rh5 Bxd3+ 18. Qxd3 Qb6 19. g5 O-O-O 20. gxh6 Rxh6
21. Rxh6 gxh6 22. Rc1 Kb7 23. Ned2 Qb5 24. Nc4 f5 25. Nfd2 Qd5 26. Nb3 Nb8 27.
a3 Rg8 28. f3 Rg7 29. axb4 Bxb4 30. Ra1 f4 31. exf4 Qh5 32. Kg1 Qh4 33. Nc5+
Bxc5 34. dxc5 a6 35. Nd6+ Ka7 36. Qb3 Qxf4 37. Qb6+ Ka8 38. Rxa6+ Nxa6 39.
Qxa6+ Kb8 40. Qb6+ Ka8 41. Qxc6+ Kb8 42. Qc8+ 1-0